Cromatografía líquida de alta presión
| Main Author: | |
|---|---|
| Format: | Section = Libro |
| Language: | Undetermined Spanish |
| Published: |
Washington
OEA
1980
|
| Edition: | 2a.ed |
| Subjects: |
| LEADER | 00515nam a2200205Ia 4500 | ||
|---|---|---|---|
| 008 | 240830s9999 xx 000 0 und d | ||
| 020 | |a 0-8270-1229-2 | ||
| 040 | |a CEDOC FIQ-RUSB / 544.92 M169 | ||
| 041 | |a spa | ||
| 082 | |a 544.92 M169 | ||
| 100 | 1 | |a McNair, Harold M | |
| 245 | 1 | 0 | |a Cromatografía líquida de alta presión |
| 250 | |a 2a.ed | ||
| 260 | |a Washington |b OEA |c 1980 | ||
| 300 | |a 72 p. : il | ||
| 650 | 7 | |a CROMOTOGRAFIA | |
| 650 | 7 | |b QUIMICA ANALITICA | |
| 942 | |c BK |2 ddc | ||
| 991 | |a TEXTO | ||
| 999 | |c 13248 | ||